| 000 | 00000nam##2200000za#4500 |
| 001 | 9.614320 |
| 003 | CaOODSP |
| 005 | 20211126112847 |
| 007 | ta |
| 008 | 150406|1998||||xxc||||| f|0| 0 eng|d |
| 020 | |a0-662-26635-8 |
| 022 | |a1192-5434 |
| 040 | |aCaOODSP|beng |
| 043 | |an-cn--- |
| 086 | 1 |aFB3-2/98-2E |
| 110 | 2 |aBank of Canada. |
| 245 | 10|aInternational borrowing specialization and unemployment in a small open economy / |cby Patrick N. Osakwa and Shouyong Shi. |
| 260 | |aOttawa - Ontario : |bBank of Canada |c1998. |
| 300 | |a32p. : |bfigs., references, tables ; |c28 cm. |
| 490 | 1 |aWorking paper|x1192-5434|v98-2 |
| 546 | |aRésumés en français |
| 563 | |aSoftcover |
| 590 | |a98-14|b1998-04-03 |
| 720 | 1 |aOsakwa, Patrick N. |
| 720 | 1 |aShi, Shouyong |
| 776 | 0#|tInternational borrowing, specialization and unemployment in a small, open economy / |w(CaOODSP)9.571685 |
| 830 | #0|aWorking paper,|x1192-5434|v98-2|w(CaOODSP)9.514622 |